000 00195 a2200097 4500
020 _a9788488342676
041 _aspa
100 _aMcBratney, Sam
245 _aTodos son mis favoritos
942 _cBK
999 _c10665
_d10665